LEADER 01019nam0-22003251i-450- 001 990006897050403321 005 20060928124104.0 035 $a000689705 035 $aFED01000689705 035 $a(Aleph)000689705FED01 035 $a000689705 100 $a20010426d--------km-y0itay50------ba 101 0 $aita 105 $ay-------001yy 200 1 $a<>mense della "cittą futura"$eantropologia di un confinato antifascista napoletano$fCarmela Paolantonio$gprefazione di Guido D'Agostino. 210 $aNapoli$cAthena$dc 1989 215 $a187 p.$d21 cm 225 1 $aQuaderni dell'antifascista napoletano$v4 610 0 $aAntifascismo$aNapoli 676 $a320.532092$v21$zita 700 1$aPaolantonio,$bCarmela$0361280 801 0$aIT$bUNINA$gRICA$2UNIMARC 901 $aBK 912 $a990006897050403321 952 $aCOLLEZ. 1365 (4)$b9113$fFSPBC 952 $a320.532 PAO 1$bBibl.8322$fFLFBC 959 $aFSPBC 959 $aFLFBC 996 $aMense della cittą futura$9394743 997 $aUNINA LEADER 01459nam--2200433---450- 001 990000442990203316 005 20051024084736.0 010 $a88-221-0276-2 035 $a0044299 035 $aUSA010044299 035 $a(ALEPH)000044299USA01 035 $a0044299 100 $a20010514h19861994km-y0itay0103----ba 101 $aita 102 $aITA 105 $a||||||||001yy 200 1 $a<> matematica$edella scuola dell'infanzia alla scuola elementare$edai giochi protomatematici alla metematica del primo ciclo$fMaria Luisa Caldelli, Bruno D'Amore 210 $aScandicci$cLa nuova Italia$d1986$h1994 215 $aVIII, 112 p.$cill.$d21 cm 225 2 $aDidattica viva$v102 410 $12001$aDidattica viva$v102 461 1$1001-------$12001 606 0 $aMatematica$xInsegnamento$yScuola elamentare 676 $a372.73044 700 1$aCALDELLI,$bMaria Luisa$0155585 701 1$aD'AMORE,$bBruno$f<1946- > $046064 801 0$aIT$bsalbc$gISBD 912 $a990000442990203316 951 $aII.4. Coll.38/ 78(VI ps C COLL 9/102)$b146105 LM$cVI ps C COLL 9 959 $aBK 969 $aUMA 979 $aPATTY$b90$c20010514$lUSA01$h1036 979 $c20020403$lUSA01$h1652 979 $aPATRY$b90$c20040406$lUSA01$h1631 979 $aPAOLA$b90$c20041102$lUSA01$h1137 979 $aCOPAT5$b90$c20051024$lUSA01$h0847 979 $aANNAMARIA$b90$c20120105$lUSA01$h0954 996 $aMatematica$9890343 997 $aUNISA